Central Library OPAC University of Rajshahi

The Physics of everyday phenomena : (Record no. 74672)

MARC details
000 -LEADER
fixed length control field 00918cam a2200301 i 4500
001 - CONTROL NUMBER
control field 74672
003 - CONTROL NUMBER IDENTIFIER
rucl marc code BD-RjUL
005 - DATE AND TIME OF LATEST TRANSACTION
control field 20211209082603.0
008 - FIXED-LENGTH DATA ELEMENTS--GENERAL INFORMATION
fixed length control field 790605s1979 caua b 001 0 eng
020 ## - INTERNATIONAL STANDARD BOOK NUMBER
International Standard Book Number 0716711257
International Standard Book Number 0716711265 (pbk.)
035 ## - SYSTEM CONTROL NUMBER
System control number (BD-RjUL)74890
040 ## - CATALOGING SOURCE
Original cataloging agency DLC
Transcribing agency DLC
Modifying agency DLC
Language of cataloging eng
041 ## - LANGUAGE CODE
Language code of text/sound track or separate title eng
082 00 - DEWEY DECIMAL CLASSIFICATION NUMBER
Classification number 551.5
Edition number 19
Author mark and year PHY 1979
245 04 - TITLE STATEMENT
Title The Physics of everyday phenomena :
Remainder of title readings from Scientific American /
Statement of responsibility, etc. with an introd. by Jearl Walker.
260 ## - PUBLICATION, DISTRIBUTION, ETC. (IMPRINT)
Place of publication, distribution, etc. San Francisco :
Name of publisher, distributor, etc. W. H. Freeman,
Date of publication, distribution, etc. c1979.
300 ## - PHYSICAL DESCRIPTION
Pagination 86 p. :
Illustrations ill. ;
Size 30 cm.
500 ## - GENERAL NOTE
General note Includes index.
504 ## - BIBLIOGRAPHY, ETC. NOTE
Bibliography, etc Bibliography: p. [83]-84.
650 #0 - SUBJECT ADDED ENTRY--TOPICAL TERM
Topical term or geographic name as entry element Physics.
9 (RLIN) 224962
Topical term or geographic name as entry element Meteorology.
9 (RLIN) 224963
Topical term or geographic name as entry element Oceanography.
9 (RLIN) 224964
700 1# - ADDED ENTRY--PERSONAL NAME
Personal name Walker, Jearl,
Dates associated with a name 1945-
906 ## - LOCAL DATA ELEMENT F, LDF (RLIN)
a 7
b cbc
c orignew
d 1
e ocip
f 19
g y-gencatlg
942 ## - ADDED ENTRY ELEMENTS (KOHA)
Source of classification or shelving scheme Dewey Decimal Classification
Koha item type Books
Holdings
Lost status Source of classification or shelving scheme Damaged status Not for loan Collection code Permanent Location Current Location Shelving location Date acquired Source of acquisition Cost, normal purchase price Total Checkouts Full call number Date last seen Copy number Koha item type
  Dewey Decimal Classification   Not For Loan Non-fiction Central Library, University of Rajshahi Central Library, University of Rajshahi Reading Room 07/04/1986 Karim International 10.25   551.5 PHY 1979 17/11/2018 C-1 Books
  Dewey Decimal Classification     Non-fiction Central Library, University of Rajshahi Central Library, University of Rajshahi   07/04/1986 Karim International 10.25   551.5 PHY 1979 17/11/2018 C-2 Books